01243 2200349 4500001002100000005001500021035002000036007000300056008004100059020002200100082001200122084001400134100002900148245023700177250003400414300003800448700003300486700003000519700002200549700004100571264004200612336002100654337003000675338002300705650003000728040002200758090002200780850001200802504003500814999002200849990002200871INLIS00000000090295320260218021326 a0010-0226000789ta260203s2025 yoia g 0 ind d a978-623-496-331-104223a610 a610 LAO t3 aLa Ode BariunePengarang10aTanggung jawab hukum dokter spesialis patologi anatomik terhadap penanganan spesimen pasien dalam mendukung penegakan diagnosis penyakit /cLa Ode Bariun, Yolanda Manuel, Winner Agustinus Siregar; penyunting, Anidi, Neldi Darmian L. aCetakan Pertama, Agustus 2025 avi, 168 halaman :btabel ;c21 cm0 aNeldi Darmian L.ePenyunting0 aYolanda ManuelePengarang0 aAnidiePenyunting3 aSiregar, Winner AgustinusePengarang31aSleman :bSelfietera Indonesia,c2025 2rdacontentateks 2rdamediaatanpa perantara 2rdacarrieravolume 4aKedokteran--xAspek hukum aYOPDYOGbinderda aCB-D.11 2025-5207 aYOPDYOG aBibliografi: halaman [123]-130 aCB-D.11/2025-5207 aCB-D.11/2025-5207